| 000 | 01726cam a2200385 a 4500 | ||
|---|---|---|---|
| 999 |
_c331970 _d331970 |
||
| 001 | 12637179 | ||
| 003 | NUST | ||
| 005 | 20171106103801.0 | ||
| 008 | 020107s2002 enk b 001 0 eng | ||
| 010 | _a 2002017393 | ||
| 020 | _a9781853264665 (pbk) | ||
| 040 |
_aDLC _cDLC _dDLC |
||
| 041 | 0 | _aenggrc | |
| 050 | 0 | 0 |
_aPA4002 _b.A39 2002 |
| 082 | 0 | 0 |
_a938.03 _bHER |
| 100 | 0 |
_aHerodotus _95977 |
|
| 240 | 1 | 0 |
_aHistory. _nBook 9 |
| 245 | 1 | 0 |
_aHistories. _nBook IX / _cedited by Michael A. Flower and John Marincola. |
| 246 | 3 | _aHistories. Book 9 | |
| 260 |
_aCambridge ; _aNew York : _bCambridge University Press, _c2002. |
||
| 300 |
_axvi, 357 p. ; _c19 cm. |
||
| 440 | 0 |
_aCambridge Greek and Latin classics _95978 |
|
| 504 | _aIncludes bibliographical references (p. 327-345) and index. | ||
| 546 | _aIn English and Greek. | ||
| 650 | 0 |
_aPlataea, Battle of, Plataiai, Greece, 479 B.C. _95979 |
|
| 700 | 1 |
_aFlower, Michael A. _95980 |
|
| 700 | 1 |
_aMarincola, John. _95981 |
|
| 856 | 4 | 1 |
_3Sample text _uhttp://www.loc.gov/catdir/samples/cam033/2002017393.html |
| 856 | 4 | 1 |
_3Table of contents _uhttp://www.loc.gov/catdir/toc/cam023/2002017393.html |
| 856 | 4 | 2 |
_3Publisher description _uhttp://www.loc.gov/catdir/description/cam022/2002017393.html |
| 856 | 4 | 2 |
_3Contributor biographical information _uhttp://www.loc.gov/catdir/enhancements/fy0731/2002017393-b.html |
| 906 |
_a7 _bcbc _corignew _d1 _eocip _f20 _gy-gencatlg |
||
| 942 |
_2ddc _cBK |
||